| 000 | 00442nam a2200157 i 4500 | ||
|---|---|---|---|
| 001 | 90121 | ||
| 003 | ES-MaACL | ||
| 005 | 20230906180345.0 | ||
| 007 | t| | ||
| 008 | 050118s1919 fr ||||1| fre d | ||
| 100 | 1 |
_aLefebvre, Raymond. _971229 |
|
| 245 | 1 | 3 |
_aLe sacrifice d'Abraham _b: roman / _cRaymond Lefebvre. |
| 260 |
_aParis : _b[s.n.], _c1919 ( _eTours : _fDeslis Frères) |
||
| 300 |
_a266 p. ; _c19 cm. |
||
| 852 |
_aES-MaACL _jF-10055 |
||
| 999 |
_c90121 _d90121 |
||